Score 0/13 Timer 03:00
0 Plays Today
Question Answer Wrong Answers
Loses shoes and socks on tar steps before stepping on a nail. Marv
85.5%
Harry
8.3%
Both
2.4%
Gets head burned by blowtorch. Harry
84.9%
Marv
9.8%
Both
1.8%
Pulls light switch getting an iron to the face. Marv
81.3%
Harry
14.1%
Both
1.5%
Gets a tarantula put on his face by Kevin. Marv
80.2%
Harry
14.7%
Both
1.4%
Grabs red hot door knob. Harry
79.9%
Marv
13.8%
Both
3%
Steps barefoot on Christmas ornaments. Marv
76.9%
Harry
10.7%
Both
9.2%
Gets covered in glue and feathers. Harry
66.1%
Marv
17.7%
Both
12.6%
Gets hit in the face by swinging paint can. Both
61%
Harry
15.3%
Marv
20.5%
Swings into a brick wall after having zipline rope cut. Both
60.6%
Harry
15.3%
Marv
20.7%
Slips on toy cars. Both
50.5%
Harry
20.2%
Marv
25.8%
Slips on icy stairs. Both
48.4%
Harry
24.1%
Marv
24.2%
Trips over trip wire in hallway. Harry
42.8%
Marv
24.3%
Both
29.7%
Gets shot with BB gun. Both
41.2%
Harry
22.9%
Marv
32.5%

Today's Daily Dose

Missing Word
'D' in Video Games

Word Ladder
Lent Begins

Get the Picture
Antz or A Bug's Life?

You're not logged in!

Compare scores with friends on all Sporcle quizzes.
OR
Log In

Sporcle TV

Today on Sporcle TV


Watch our educational content, quiz creation guides, and fun videos on Sporcle TV.

Show Comments

Extras

Top Quizzes Today


Score Distribution

Paid Content

Your Account Isn't Verified!

In order to create a playlist on Sporcle, you need to verify the email address you used during registration. Go to your Sporcle Settings to finish the process.

Report this User

Report this user for behavior that violates our Community Guidelines.

Details: